Nagykövetek Szegeden
Elmentve itt :
| Dokumentumtípus: | Cikk |
|---|---|
| Megjelent: |
2006-11-24
|
| Sorozat: | Délmagyarország
96 No. 275 |
| Kulcsszavak: | Szeged, Eseménynaptár Szeged 2006. 11., Bizonságpolitikai fórum, Politikus látogatása nagyköveti látogatás |
| Online Access: | http://dmarchiv.bibl.u-szeged.hu/137289 |
| LEADER | 00493nab a2200145 i 4500 | ||
|---|---|---|---|
| 001 | delm137289 | ||
| 005 | 20191205145500.0 | ||
| 008 | 191205s2006 hu o 0|| hun d | ||
| 040 | |a SZTE Délmagyarország Archívum |b hun | ||
| 041 | |a hun | ||
| 245 | 0 | 0 | |a Nagykövetek Szegeden |h [elektronikus dokumentum] |
| 260 | |c 2006-11-24 | ||
| 300 | |a 4 | ||
| 490 | 0 | |a Délmagyarország |v 96 No. 275 | |
| 695 | |a Szeged, Eseménynaptár Szeged 2006. 11., Bizonságpolitikai fórum, Politikus látogatása nagyköveti látogatás | ||